[Event "Arco op 41st"]
[Site "Arco"]
[Date "2019.10.09"]
[Round "6"]
[White "Okhotnik, Vladimir"]
[Black "Tuerschmann, Steffen"]
[Result "1-0"]
[WhiteElo "2363"]
[BlackElo "1974"]
[PlyCount "83"]
[EventDate "2019.10.04"]
[EventType "swiss"]
[EventRounds "9"]
[EventCountry "ITA"]
[SourceTitle "EXT 2020"]
[Source "ChessBase"]
[SourceDate "2019.10.17"]
[SourceVersion "1"]
[SourceVersionDate "2019.10.17"]
[SourceQuality "1"]

1. e4 d6 2. d4 g6 3. Nc3 Bg7 4. f4 c6 5. Nf3 Nf6 6. Be2 0-0 7. 0-0 Nbd7 8. e5 Ne8 9. Be3 Nb6 10. a4 Nc7 11. Ne4 Nbd5 12. Bd2 f5 13. Nf2 Ne6 14. Nd3 b6 15. c4 Ndc7 16. Be3 d5 17. Nb4 Bb7 18. a5 bxa5 19. Rxa5 dxc4 20. Bxc4 Nd5 21. Qa1 Kh8 22. Bxd5 cxd5 23. Nd3 a6 24. b4 Qb6 25. Nc5 h6 26. Nd7 Qc7 27. Nxf8 Bxf8 28. Rc1 Qb6 29. Ne1 Nc7 30. Nd3 e6 31. Nc5 Bc8 32. Qc3 Nb5 33. Qd3 Kg8 34. Rca1 Bb7 35. Bd2 Qc6 36. Rc1 Qb6 37. h3 Kf7 38. g4 Bc6 39. gxf5 gxf5 40. Kh2 Be7 41. Rg1 Bh4 42. Qf3 1-0

[Event "Arco op 41st"]
[Site "Arco"]
[Date "2019.10.04"]
[Round "1"]
[White "Tuerschmann, Steffen"]
[Black "Giacchino, Claudio"]
[Result "1-0"]
[WhiteElo "1974"]
[BlackElo "1594"]
[PlyCount "91"]
[EventDate "2019.10.04"]
[EventType "swiss"]
[EventRounds "9"]
[EventCountry "ITA"]
[SourceTitle "EXT 2020"]
[Source "ChessBase"]
[SourceDate "2019.10.17"]
[SourceVersion "1"]
[SourceVersionDate "2019.10.17"]
[SourceQuality "1"]

1. d4 e6 2. Nf3 d5 3. Bf4 c5 4. e3 Nc6 5. c3 Nf6 6. h3 cxd4 7. exd4 Bd6 8. Bxd6 Qxd6 9. Bd3 Ne4 10. 0-0 0-0 11. Nbd2 f5 12. Re1 Bd7 13. Qe2 Be8 14. Bb5 Bh5 15. Qd3 Qf4 16. Qe3 Qd6 17. Bxc6 bxc6 18. Ne5 Rae8 19. f3 f4 20. Nxe4 Qxe5 21. dxe5 fxe3 22. Nc5 Rf4 23. Rad1 Rc4 24. Nb3 Bg6 25. Rd4 Rxd4 26. cxd4 Rb8 27. Rxe3 Be8 28. Rc3 Kf7 29. Kf2 a5 30. Rc2 a4 31. Nc5 Ra8 32. a3 Ke7 33. Ke3 Bg6 34. Rf2 h5 35. g4 hxg4 36. hxg4 Bb1 37. Kf4 g6 38. Kg5 Kf7 39. Rh2 Rb8 40. Rh7+ Kg8 41. Rb7 Rxb7 42. Nxb7 Kf8 43. Kf6 Ke8 44. Kxe6 Bd3 45. Nc5 Bb5 46. Kf6 1-0

[Event "Arco op 40th"]
[Site "Arco"]
[Date "2018.10.20"]
[Round "8"]
[White "Lagrotteria, Salvatore"]
[Black "Tuerschmann, Steffen"]
[Result "1-0"]
[WhiteElo "2088"]
[BlackElo "1955"]
[PlyCount "39"]
[EventDate "2018.10.13"]
[EventType "swiss"]
[EventRounds "9"]
[EventCountry "ITA"]
[SourceTitle "CBM 186 Extra"]
[Source "ChessBase"]
[SourceDate "2018.08.24"]
[SourceVersion "1"]
[SourceVersionDate "2018.08.24"]
[SourceQuality "1"]

1. Nf3 g6 2. c4 Bg7 3. Nc3 d6 4. g3 e5 5. d4 Nc6 6. dxe5 Nxe5 7. Bg2 Ne7 8. Nxe5 Bxe5 9. 0-0 0-0 10. Bg5 Bg7 11. c5 Be6 12. Bxb7 Rb8 13. c6 f6 14. Be3 Rxb7 15. cxb7 Qb8 16. Qd4 Qxb7 17. Qe4 Qc8 18. Rac1 d5 19. Qb4 Re8 20. Nb5 1-0

[Event "Arco op 40th"]
[Site "Arco"]
[Date "2018.10.14"]
[Round "2"]
[White "Knitl, Anton"]
[Black "Tuerschmann, Steffen"]
[Result "1-0"]
[WhiteElo "2191"]
[BlackElo "1955"]
[PlyCount "47"]
[EventDate "2018.10.13"]
[EventType "swiss"]
[EventRounds "9"]
[EventCountry "ITA"]
[SourceTitle "CBM 186 Extra"]
[Source "ChessBase"]
[SourceDate "2018.08.24"]
[SourceVersion "1"]
[SourceVersionDate "2018.08.24"]
[SourceQuality "1"]

1. d4 g6 2. e4 d6 3. Nc3 Bg7 4. Be3 Nf6 5. Nf3 0-0 6. Qd2 Re8 7. h3 c6 8. a4 Qc7 9. Bc4 e6 10. 0-0 d5 11. Bd3 dxe4 12. Nxe4 Nxe4 13. Bxe4 Nd7 14. Rfe1 Nf6 15. Bd3 Nd5 16. Bh6 Bxh6 17. Qxh6 f6 18. Bxg6 hxg6 19. Qxg6+ Kf8 20. c4 Nf4 21. Qxf6+ Qf7 22. Qh6+ Ke7 23. Ne5 Qf6 24. Qxf4 1-0

[Event "Arco op-A 39th"]
[Site "Arco"]
[Date "2017.10.15"]
[Round "9"]
[White "Tuerschmann, Steffen"]
[Black "Kellner, Nikolaus"]
[Result "1-0"]
[WhiteElo "1952"]
[BlackElo "1657"]
[PlyCount "135"]
[EventDate "2017.10.07"]
[EventType "swiss"]
[EventRounds "9"]
[EventCountry "ITA"]
[SourceTitle "CBM 181 Extra"]
[Source "ChessBase"]
[SourceDate "2017.12.12"]
[SourceVersion "1"]
[SourceVersionDate "2017.12.12"]
[SourceQuality "1"]

1. d4 e6 2. Bf4 d5 3. e3 Bd6 4. Bxd6 cxd6 5. c3 Nf6 6. Nf3 Nc6 7. Be2 0-0 8. 0-0 e5 9. dxe5 dxe5 10. h3 Qb6 11. Qb3 Bf5 12. Qxb6 axb6 13. Na3 Bg6 14. Rfd1 Rfd8 15. Bb5 e4 16. Nd4 Nxd4 17. Rxd4 Bf5 18. Ba4 Be6 19. Rad1 Nd7 20. Bxd7 Rxd7 21. Ra1 Kf8 22. Nc2 Ke7 23. a3 Kf6 24. h4 h5 25. Kh2 Ke5 26. Rad1 f6 27. Nb4 Rad8 28. f4+ exf3 29. gxf3 g5 30. Nd3+ Kf5 31. Rf1 gxh4 32. Rg1 Bf7 33. Rxh4 Re8 34. Rf4+ Ke6 35. Rb4 Rd6 36. Rg7 Ke7 37. Rg2 Rg8 38. Rxg8 Bxg8 39. Nf4 Bf7 40. Kg3 f5 41. Kh4 Kf6 42. Rb5 Ke5 43. Kg5 Rc6 44. Nd3+ Ke6 45. Rb4 Ke7 46. Ne5 Re6 47. f4 Rf6 48. Rb5 h4 49. Kxh4 Rh6+ 50. Kg3 Bg8 51. Nf3 Rd6 52. Kf2 Be6 53. Rb4 Kd7 54. Ne5+ Kc7 55. Rd4 b5 56. Rd1 Kb6 57. Rh1 Ka5 58. Nd3 Bd7 59. Ke1 b6 60. Rh8 Ka4 61. Nc1 b4 62. axb4 Kb5 63. Kd2 Rg6 64. Kd3 Rg1 65. Ne2 Rd1+ 66. Kc2 Re1 67. Nd4+ Ka6 68. Rd8 1-0

[Event "Berlin Eckbauer op 18th"]
[Site "Berlin"]
[Date "2015.11.09"]
[Round "5"]
[White "Gebigke, Martin"]
[Black "Tuerschmann, Steffen"]
[Result "1-0"]
[WhiteElo "2128"]
[BlackElo "1952"]
[PlyCount "53"]
[EventDate "2015.10.05"]
[EventType "swiss"]
[EventRounds "7"]
[EventCountry "GER"]
[SourceTitle "EXT 2022"]
[Source "ChessBase"]
[SourceDate "2021.10.06"]
[SourceVersion "1"]
[SourceVersionDate "2021.10.06"]
[SourceQuality "1"]

1. e4 d6 2. d4 Nf6 3. Nc3 g6 4. Nf3 Bg7 5. Be2 c6 6. 0-0 0-0 7. h3 Nbd7 8. Bf4 Nb6 9. a4 a5 10. Re1 d5 11. e5 Ne8 12. Qc1 Nc7 13. Bh6 Ne6 14. Nd1 Re8 15. Bxg7 Kxg7 16. Ne3 Nf8 17. Ng4 Bxg4 18. hxg4 Ne6 19. Ra3 Qc7 20. Qd2 Red8 21. Nh4 Nc4 22. Bxc4 dxc4 23. Re4 Rh8 24. Nf5+ gxf5 25. gxf5 Nf8 26. f6+ Kg6 27. Qf4 1-0

[Event "Berlin Lieb Memorial 1st"]
[Site "Berlin"]
[Date "2015.05.28"]
[Round "2"]
[White "Jahnz, Fabian"]
[Black "Tuerschmann, Steffen"]
[Result "1/2-1/2"]
[WhiteElo "2221"]
[BlackElo "1950"]
[PlyCount "67"]
[EventDate "2015.05.21"]
[EventType "swiss"]
[EventRounds "7"]
[EventCountry "GER"]
[SourceTitle "EXT 2022"]
[Source "ChessBase"]
[SourceDate "2021.10.06"]
[SourceVersion "1"]
[SourceVersionDate "2021.10.06"]
[SourceQuality "1"]

1. e4 d5 2. exd5 Qxd5 3. Nc3 Qa5 4. d4 c6 5. Nf3 Nf6 6. Bc4 Bg4 7. h3 Qh5 8. Be2 Bxf3 9. Bxf3 Qa5 10. 0-0 e6 11. Bf4 Be7 12. a3 0-0 13. Qd2 Qd8 14. Bg3 Nbd7 15. Rfe1 Nb6 16. Qd3 Nbd5 17. Ne2 Bd6 18. Rad1 Bxg3 19. Nxg3 Qc7 20. c4 Nf4 21. Qe3 Rad8 22. Nf1 h6 23. h4 Rd7 24. g3 Ng6 25. Qc3 Rfd8 26. Rd2 c5 27. Red1 cxd4 28. Rxd4 Rxd4 29. Rxd4 Rxd4 30. Qxd4 Ne5 31. Be2 b6 32. Ne3 Nc6 33. Qd1 Qe5 34. Bf3 1/2-1/2

[Event "Regionalliga SW 9900"]
[Site "Bayern"]
[Date "1999.??.??"]
[Round "3.7"]
[White "Tuerschmann, Steffen"]
[Black "Schuele, Herbert"]
[Result "1/2-1/2"]
[WhiteElo "1950"]
[BlackElo "1955"]
[PlyCount "61"]
[EventDate "1999.??.??"]
[EventType "team-tourn"]
[EventRounds "9"]
[EventCountry "GER"]
[SourceTitle "EXT 2020"]
[Source "ChessBase"]
[SourceDate "2019.10.17"]
[SourceVersion "1"]
[SourceVersionDate "2019.10.17"]
[SourceQuality "1"]
[WhiteTeam "Augsburg SG 1873"]
[BlackTeam "Lauingen"]
[WhiteTeamCountry "GER"]
[BlackTeamCountry "GER"]

1. e4 c5 2. f4 d5 3. exd5 Qxd5 4. Nc3 Qd8 5. Nf3 Nc6 6. Bc4 Nf6 7. d3 e6 8. 0-0 Be7 9. Ne4 0-0 10. c3 b6 11. Qe2 Bb7 12. Be3 Qc7 13. Nxf6+ Bxf6 14. Bb3 Rad8 15. Rad1 Rd7 16. Nd2 g6 17. Ne4 Bg7 18. Rd2 Rfd8 19. Rfd1 Ne7 20. Ba4 Bc6 21. Bxc6 Qxc6 22. Bf2 Nf5 23. Qf3 Qc7 24. g4 Nd6 25. Bh4 Nxe4 26. Qxe4 Rc8 27. f5 exf5 28. gxf5 Qc6 29. Bg5 Bf6 30. Bxf6 Qxf6 31. Rf1 1/2-1/2

[Event "Regionalliga SW 9899"]
[Site "Bayern"]
[Date "1998.??.??"]
[Round "1.8"]
[White "Tuerschmann, Steffen"]
[Black "Schaffranietz, Horst"]
[Result "1-0"]
[WhiteElo "1955"]
[BlackElo "1895"]
[PlyCount "95"]
[EventDate "1998.??.??"]
[EventType "team-tourn"]
[EventRounds "9"]
[EventCountry "GER"]
[SourceTitle "EXT 2020"]
[Source "ChessBase"]
[SourceDate "2019.10.17"]
[SourceVersion "1"]
[SourceVersionDate "2019.10.17"]
[SourceQuality "1"]
[WhiteTeam "Augsburg SG 1873"]
[BlackTeam "Pasing II"]
[WhiteTeamCountry "GER"]
[BlackTeamCountry "GER"]

1. e4 e5 2. Nf3 Nc6 3. Bb5 a6 4. Ba4 Nf6 5. 0-0 Be7 6. Nc3 b5 7. Bb3 0-0 8. d3 d6 9. h3 Na5 10. Re1 c5 11. Bd5 Rb8 12. a3 b4 13. axb4 cxb4 14. Na4 Nxd5 15. exd5 f5 16. c4 bxc3 17. bxc3 Bd7 18. c4 Bf6 19. Ra2 Nb3 20. Ra3 Bxa4 21. Rxa4 Nc5 22. Ra2 Rb3 23. d4 exd4 24. Ba3 Qa5 25. Bxc5 Qxa2 26. Bxd6 Rc8 27. Nxd4 Bxd4 28. Qxd4 Rb1 29. Rxb1 Qxb1+ 30. Kh2 Qe4 31. Qxe4 fxe4 32. c5 Rd8 33. c6 Kf7 34. Bb4 a5 35. Ba3 Rc8 36. d6 Ke6 37. d7 Ra8 38. Kg3 g5 39. Kg4 a4 40. h4 gxh4 41. Kf4 h5 42. Kxe4 Rg8 43. f4 h3 44. gxh3 h4 45. f5+ Kf7 46. c7 Rg1 47. c8Q Re1+ 48. Kf3 1-0

[Event "Regionalliga SW 9596"]
[Site "Bayern"]
[Date "1995.??.??"]
[Round "?"]
[White "Tuerschmann, Steffen"]
[Black "Rein, Robert"]
[Result "1-0"]
[WhiteElo "1930"]
[BlackElo "1885"]
[PlyCount "89"]
[EventDate "1995.10.??"]
[EventType "team-tourn"]
[EventRounds "9"]
[EventCountry "GER"]
[SourceTitle "EXT 1999"]
[Source "ChessBase"]
[SourceDate "1998.11.16"]
[SourceVersion "1"]
[SourceVersionDate "1998.11.16"]
[SourceQuality "1"]
[WhiteTeam "Augsburg SG 1873"]
[BlackTeam "Obermenzing"]
[WhiteTeamCountry "GER"]
[BlackTeamCountry "GER"]

1. e4 c6 2. d4 d5 3. exd5 cxd5 4. Nf3 Nf6 5. Be2 g6 6. 0-0 Bg7 7. Bf4 0-0 8. Nbd2 Nc6 9. c3 Bf5 10. Ne5 Nxe5 11. Bxe5 Qb6 12. Qb3 Qxb3 13. Nxb3 Nd7 14. Bxg7 Kxg7 15. f4 h5 16. Rae1 e6 17. Bb5 Rfd8 18. Bxd7 Rxd7 19. Nc5 Rc7 20. Re3 a6 21. Rc1 b6 22. Nb3 Rac8 23. Nd2 a5 24. a3 Rc6 25. Kf2 f6 26. Rce1 Kf7 27. h3 Rg8 28. Kf3 g5 29. fxg5 Rxg5 30. Kf2 Rg8 31. Nf3 Be4 32. Nh4 e5 33. Rd1 exd4 34. Rxd4 f5 35. Rg3 Rxg3 36. Kxg3 Kf6 37. Kf4 Rc8 38. Rd2 Rg8 39. g3 Rg7 40. c4 Rg5 41. cxd5 Rg7 42. d6 Rd7 43. g4 hxg4 44. hxg4 Bc6 45. Nxf5 1-0

[Event "Regionalliga SW 9495"]
[Site "Bayern"]
[Date "1995.??.??"]
[Round "?.7"]
[White "Tuerschmann, Steffen"]
[Black "Susanek, Robert"]
[Result "1-0"]
[WhiteElo "2090"]
[BlackElo "1640"]
[PlyCount "106"]
[EventDate "1994.10.??"]
[EventType "team-tourn"]
[EventRounds "9"]
[EventCountry "GER"]
[SourceTitle "EXT 1999"]
[Source "ChessBase"]
[SourceDate "1998.11.16"]
[SourceVersion "1"]
[SourceVersionDate "1998.11.16"]
[SourceQuality "1"]
[WhiteTeam "Augsburg SG 1873"]
[BlackTeam "Heimertingen"]
[WhiteTeamCountry "GER"]
[BlackTeamCountry "GER"]

1. e4 d5 2. exd5 Nf6 3. Nf3 Nxd5 4. d4 Bg4 5. Be2 e6 6. 0-0 Be7 7. c4 Nf6 8. Be3 0-0 9. Nc3 Nbd7 10. Qd2 Bf5 11. Bd3 Bxd3 12. Qxd3 c5 13. d5 exd5 14. Nxd5 Nxd5 15. Qxd5 Qc7 16. Rad1 Rad8 17. b3 Nf6 18. Qe5 Qxe5 19. Nxe5 Bd6 20. Nf3 b6 21. Bg5 Bc7 22. Bxf6 gxf6 23. Rfe1 Rxd1 24. Rxd1 Rd8 25. Rxd8+ Bxd8 26. Kf1 Kf8 27. Ke2 Ke7 28. g4 Bc7 29. h3 h6 30. Ke3 Ke6 31. Nh4 h5 32. gxh5 f5 33. h6 Be5 34. Nf3 f4+ 35. Kd3 Bb2 36. Ng5+ Kf6 37. Ne4+ Kg6 38. Nd6 Be5 39. Nc8 Bb8 40. Ne7+ Kxh6 41. Nc6 Bc7 42. Nxa7 Kg5 43. Nb5 Bb8 44. Ke4 f5+ 45. Kf3 Kh4 46. Nc3 Kxh3 47. Nd5 Kh4 48. Nxb6 Kh5 49. Nd5 Kg6 50. Nxf4+ Kf6 51. Nd3 Bd6 52. a4 Ke6 53. a5 Kd7 1-0